| 000 | 00436cam a22001457a 4500 | ||
|---|---|---|---|
| 008 | 180718b1972 xxu||||| |||| 00| 0 eng d | ||
| 082 | _aLx5401 G346 | ||
| 100 | _aGhoshal, U.N. | ||
| 245 |
_aContributions to the history of the Hindu revenue system _cby U.N. Ghoshal |
||
| 250 | _a2nd ed. | ||
| 260 |
_aCalcutta _bSaraswt Library _c1972 |
||
| 300 | _a448p. | ||
| 500 | _aFirst Pub. 1929 | ||
| 650 | _aFinance, Public - India to 1200 A.D. | ||
| 999 |
_c345162 _d345162 |
||